Ciento veinticinco años de vigencia del pacto-ley de 16 de agosto de 1841 / (Record no. 37890)

MARC details
000 -LEADER
campo de control de longitud fija 00617nam a2200181 i 4500
001 - NÚMERO DE CONTROL
campo de control 37890
003 - IDENTIFICADOR DE NÚMERO DE CONTROL
campo de control ES-MaACL
005 - FECHA Y HORA DE LA ÚLTIMA TRANSACCIÓN
campo de control 20251120063128.0
007 - CAMPO FIJO DE DESCRIPCIÓN FÍSICA--INFORMACIÓN GENERAL
campo de control de longitud fija t|
008 - DATOS DE LONGITUD FIJA--INFORMACIÓN GENERAL
campo de control de longitud fija 030224s1966 sp ||||1| spa d
100 1# - ENTRADA PRINCIPAL--NOMBRE DE PERSONA
Nombre de persona Burgo, Jaime Ignacio del,
Fechas asociadas al nombre 1942-
9 (RLIN) 32642
245 10 - MENCIÓN DEL TÍTULO
Título Ciento veinticinco años de vigencia del pacto-ley de 16 de agosto de 1841 /
Mención de responsabilidad, etc. Jaime Ignacio del Burgo.
260 ## - PUBLICACIÓN, DISTRIBUCIÓN, ETC.
Lugar de publicación, distribución, etc. Pamplona :
Nombre del editor, distribuidor, etc. [s.n.,
Fecha de publicación, distribución, etc. 1966] (
Fabricante Gómez)
300 ## - DESCRIPCIÓN FÍSICA
Extensión 109 p. ;
Dimensiones 24 cm.
740 0# - ENTRADA AGREGADA--TÍTULO RELACIONADO/ANALÍTICO NO CONTROLADO
Título relacionado o analítico no controlado 125 años de vigencia del pacto-ley de 16 de agosto de 1841.
852 ## - LOCALIZACIÓN
Ubicación ES-MaACL
Número de control de estantería C-31757
Sublocalización o colección R.62364
Holdings
Estatus retirado Estado de pérdida Estado de daño No para préstamo Biblioteca de origen Biblioteca actual Ubicación en estantería Fecha de adquisición Fuente de adquisición Total de préstamos Signatura topográfica completa Código de barras Visto por última vez Precio de reemplazo Tipo de ítem Koha
        Biblioteca del Ateneo de Madrid Biblioteca del Ateneo de Madrid Depósito 2 17/01/2008     C-31757 1039894 23/02/2023 23/02/2023 Libro impreso